Top Scorer – Champions League 2016/17 - Statistiques

Statistiques générales
  • Ce quiz a été pris 69 fois
  • Le résultat moyen est 10 sur 15
Statistiques - réponses
Goal Team Player % Correct
12 Real Madrid Cristiano Ronaldo
100%
11 FC Barcelone Messi
100%
8 Paris Saint-Germain Cavani
94%
6 AS Monaco Mbappe
94%
8 Bayern Munich Lewandowski
92%
6 Atlético Madrid Griezmann
87%
5 Manchester City Aguero
79%
5 AS Monaco Falcao
78%
5 Real Madrid Benzema
76%
7 Borussia Dortmund Aubameyang
71%
5 Juventus Turin Higuain
59%
5 Naples Mertens
38%
4 Arsenal Ozil
37%
4 Arsenal Walcott
16%
4 Atlético Madrid Saul
10%
Aucun quiz correspondant
Distribution des résultats
% des personnes avec chaque résultat
Percentile par nombre de réponses
Votre historique - résultats
Vous n’avez pas pris ce quiz